书目信息 |
| 题名: |
人心可测
|
|
| 作者: | 王晓丽 著 | |
| 分册: | ||
| 出版信息: | 北京 北京大学出版社 2008.11 |
|
| 页数: | 229页 | |
| 开本: | 21cm | |
| 丛书名: | ||
| 单 册: | ||
| 中图分类: | B841.7 | |
| 科图分类: | ||
| 主题词: | 心理测量学--xin li ce liang xue--通俗读物 | |
| 电子资源: | ||
| ISBN: | 978-7-301-14382-7 | |
| 000 | 00920nam0 2200265 450 | |
| 001 | 012009826729 | |
| 005 | 20090820105006.65 | |
| 010 | @a978-7-301-14382-7@dCNY22.00 | |
| 100 | @a20090820d2008 em y0chiy0120 ea | |
| 101 | 0 | @achi |
| 102 | @aCN@b110000 | |
| 105 | @aa a 000yy | |
| 106 | @ar | |
| 200 | 1 | @a人心可测@Aren xin ke ce@e心理测试通俗读本@f王晓丽著@Fwang xiao li zhu |
| 210 | @a北京@c北京大学出版社@d2008.11 | |
| 215 | @a229页@c图@d21cm | |
| 300 | @a未名·轻松阅读·心理学 | |
| 320 | @a有书目 (第228-229页) | |
| 330 | @a本书力求在普及心理测量这一学科知识的基础上,让读者正确认识智商、人格、心理健康等问题,避免踏入以讹传讹或想当然而造成的误区。 | |
| 517 | 1 | @a心理测试通俗读本@Axin li ce shi tong su du ben |
| 606 | 0 | @a心理测量学@Axin li ce liang xue@j通俗读物 |
| 690 | @aB841.7@v4 | |
| 701 | 0 | @a王晓丽@Awang xiao li@4著 |
| 801 | 0 | @aCN@bQSSK@c20090820 |
| 905 | @b751276-78@dB841.7@eW383@f3 | |
| 人心可测:心理测试通俗读本/王晓丽著.-北京:北京大学出版社,2008.11 |
| 229页:图;21cm |
| 未名·轻松阅读·心理学 |
| ISBN 978-7-301-14382-7:CNY22.00 |
| 本书力求在普及心理测量这一学科知识的基础上,让读者正确认识智商、人格、心理健康等问题,避免踏入以讹传讹或想当然而造成的误区。 |
| ● |
| 相关链接 |
|
|
|
正题名:人心可测
索取号:B841.7/W383
 
预约/预借
| 序号 | 登录号 | 条形码 | 馆藏地/架位号 | 状态 | 备注 |
| 1 | 751276 | 207512761 | 社科库509/509社科库 35排4列4层/ [索取号:B841.7/W383] | 在馆 | |
| 2 | 751277 | 207512770 | 社科库509/509社科库 35排4列4层/ [索取号:B841.7/W383] | 在馆 | |
| 3 | 751278 | 207512789 | 社科库509/509社科库 35排4列4层/ [索取号:B841.7/W383] | 在馆 |